000 00647nam a2200217 i 4500
001 135298
003 ES-MaACL
005 20250814053137.0
007 t|
008 070716s1972 sp ||||1| spa d
080 _a133
100 1 _aTondriau, Julien.
_9110566
245 1 0 _aEnigmas del ocultismo /
_cJulien Tondriau ; traducción de Julio Moreno Bernardo.
250 _a[1ª ed. de bolsillo].
260 _aMadrid :
_bDaimon,
_c[1972]
300 _a240 p., 6 h. :
_bil. ;
_c18 cm.
650 7 _aOcultismo
_2embne
_915681
700 1 _aMoreno Bernardo, Julio.
_983332
852 _aES-MaACL
_jC-52762
_bR.83970
999 _c135298
_d135298